000 00547nam a2200181Ia 4500
005 20251020182522.0
008 200515s9999 xx 000 0 und d
082 _a69:63/U48
100 _aURBINA BARRETO, Juan
245 0 _aConstrucciones rurales
260 _aLima
260 _c1978
500 _a1 ejemplar
520 _aManual sobre las construcciones rurales iniciándose desde una graficación del proyecto hasta su culminación con sus respectivos planos y graf.
650 _aCONSTRUCCIONES RURALES
650 _aLIB
942 _cLIB
999 _c1779
_d1779